Basic sciences of nuclear medicine / (رقم التسجيلة. 42663)
[ عرض عادي ]
| 000 -الفاتح | |
|---|---|
| حقل البيانات ثابتة الطول | 02215cam a2200349 a 4500 |
| 003 - محدد رقم الضبط | |
| رقم الضبط | OSt |
| 005 - وقت وتاريخ اخر تعامل مع التسجيلة | |
| رقم الضبط | 20180829165122.0 |
| 008 - عناصر البيانات ثابتة الطول - معلومات عامة | |
| حقل البيانات ثابتة الطول | 100927s2010 gw a b 001 0 eng c |
| 020 ## - الرقم الدولى المعيارى للكتب | |
| الرقم الدولى المعيارى للكتاب | 9783540859611 (alk. paper) |
| 020 ## - الرقم الدولى المعيارى للكتب | |
| الرقم الدولى المعيارى للكتاب | 3540859616 (alk. paper) |
| 020 ## - الرقم الدولى المعيارى للكتب | |
| الرقم الدولى المعيارى للكتاب | 9783540859628 (eISBN) |
| 020 ## - الرقم الدولى المعيارى للكتب | |
| الرقم الدولى المعيارى للكتاب | 3540859624 (eISBN) |
| 040 ## - مصدر الفهرسة | |
| وكالة الفهرسة الأصلية | NLM |
| وكالة النسخ | NLM |
| وكالة التعديل | BTCTA |
| -- | YDXCP |
| -- | OHX |
| -- | CDX |
| -- | VRC |
| -- | UKMGB |
| -- | CAUOI |
| -- | MMU |
| -- | DLC |
| لغة الفهرسة | eng |
| 042 ## - رمز التحقق | |
| رمز التحقق | pcc |
| 050 00 - رقم طلب مكتبة الكونجرس | |
| رقم التصنيف | RC78.7.R4 |
| رقم المادة | B37 2011 |
| 060 00 - رقم الطلب بالمكتبة الطبية الوطنية | |
| رقم التصنيف | 2010 M-774 |
| 060 10 - رقم الطلب بالمكتبة الطبية الوطنية | |
| رقم التصنيف | WN 440 |
| 082 00 - رقم تصنيف ديوى العشرى | |
| رقم التصنيف | 616.07575 |
| رقم الطبعة | 23 |
| رقم المادة | BAS |
| 245 00 - بيان العنوان | |
| العنوان | Basic sciences of nuclear medicine / |
| بيان المسئوليه,etc | Magdy M. Khalil (ed.). |
| 260 ## - PUBLICATION, DISTRIBUTION, ETC. (IMPRINT) | |
| مكان الناشر او الموزع | Heidelberg : |
| اسم الناشر او الموزع | Springer, |
| تاريخ النشر أو التوزيع | c2011. |
| 300 ## - الوصف المادى | |
| التعداد | xii, 423 p. : |
| تفاصيل ماديه اخرى للوعاء | ill. ; |
| أبعاد الوعاء | 26 cm. |
| 504 ## - تبصرة ببليوجرافية | |
| تبصرة ببليوجرافية,الخ | Includes bibliographical references and index. |
| 505 0# - تبصرة محتويات-الفهرس | |
| تبصرة المحتويات المصاغة | Physics and chemistry of nuclear medicine -- Basic physics and radiation safety in nuclear medicine -- Radiopharmacy: basics -- Technetium-99m radiopharmaceuticals -- Radiopharmaceutical quality control -- PET chemistry: an introduction -- PET chemistry: radiopharmaceuticals -- Dosimetry and radiation biology -- Radiation dosimetry: definitions and basic quantities -- Radiation dosimetry: formulations, models, and measurements -- Radiobiology: concepts and basic principles -- SPECT and PET imaging instrumentation -- Elements of gamma camera and SPECT systems -- Positron emission tomography (PET): basic principles -- Image analysis, reconstruction and quantitation in nuclear medicine -- Fundamentals of image processing in nuclear medicine -- Emission tomography and image reconstruction -- Quantitative SPECT imaging -- Quantitative cardiac SPECT imaging -- Tracer kinetic modeling: basics and concepts -- Tracer kinetic modeling: methodology and applications -- Pre-clinical imaging -- Preclinical imaging. |
| 650 #0 - المدخل الاضافى بالموضوع-مصطلح موضوعى | |
| مصطلح موضوعي أو اسم جغرافي كعنصر مدخل | Nuclear medicine. |
| 9 (RLIN) | 64482 |
| 650 12 - المدخل الاضافى بالموضوع-مصطلح موضوعى | |
| مصطلح موضوعي أو اسم جغرافي كعنصر مدخل | Nuclear Medicine. |
| 9 (RLIN) | 64483 |
| 650 22 - المدخل الاضافى بالموضوع-مصطلح موضوعى | |
| مصطلح موضوعي أو اسم جغرافي كعنصر مدخل | Radiometry. |
| 9 (RLIN) | 15899 |
| 650 22 - المدخل الاضافى بالموضوع-مصطلح موضوعى | |
| مصطلح موضوعي أو اسم جغرافي كعنصر مدخل | Radionuclide Imaging. |
| 9 (RLIN) | 64455 |
| 700 1# - المدخل الاضافى - اسم شخصى | |
| الإسم الشخصى | Khalil, Magdy M. |
| 9 (RLIN) | 64484 |
| 942 ## - عناصر المدخل الإضافي( كوها) | |
| Koha [default] item type | كتاب |
| 906 ## - عنصر بيانات محلى F, LDF (RLIN) | |
| a | 7 |
| b | cbc |
| c | pccadap |
| d | 2 |
| e | epcn |
| f | 20 |
| g | y-gencatlg |
| حالة الفقد | نموذج السعر الفعال | حالة تلف | ليس للاعارة | رقم الطلب | تاريخ الاكتساب | الموقع الحالي | الباركود | الفرع الرئيسي | Date last seen | نوع المادة فى نظام كوها | مصدر التصنيف او خطة الترفيف | Total Checkouts |
|---|---|---|---|---|---|---|---|---|---|---|---|---|
| 2018-08-29 | 616.07575 BAS | 2018-08-29 | المكتبة المركزية بالمجمعة (CL) | 00657463 | المكتبة المركزية بالمجمعة (CL) | 2018-08-29 | كتاب | Dewey Decimal Classification | ||||
| 2018-08-29 | 616.07575 BAS | 2018-08-29 | المكتبة المركزية بالمجمعة (CL) | 00657464 | المكتبة المركزية بالمجمعة (CL) | 2018-08-29 | كتاب | Dewey Decimal Classification | ||||
| 2018-08-29 | 616.07575 BAS | 2018-08-29 | المكتبة المركزية بالمجمعة (CL) | 00657465 | المكتبة المركزية بالمجمعة (CL) | 2018-08-29 | كتاب | Dewey Decimal Classification | ||||
| 2018-09-04 | 616.07575 BAS | 2018-09-04 | مكتبة كلية العلوم الطبية التطبيقية بالمجمعة - طالبات (AMF) | 00657769 | مكتبة كلية العلوم الطبية التطبيقية بالمجمعة - طالبات (AMF) | 2018-09-04 | كتاب | Dewey Decimal Classification | ||||
| 2018-09-04 | 616.07575 BAS | 2018-09-04 | مكتبة كلية العلوم الطبية التطبيقية بالمجمعة - طالبات (AMF) | 00657770 | مكتبة كلية العلوم الطبية التطبيقية بالمجمعة - طالبات (AMF) | 2018-09-04 | كتاب | Dewey Decimal Classification |
